| 000 | 00577nam a2200181Ia 4500 | ||
|---|---|---|---|
| 008 | 140321s9999 xx 000 0 und d | ||
| 020 | _a9780857938466 | ||
| 050 |
_aHB 615 _b.Al653 2011 |
||
| 100 | _aAldrich, Howard E. | ||
| 245 | 3 |
_aAn evolutionary approach to entrepreneurship : _bselected essays / _cHoward E. Aldrich. |
|
| 260 |
_aMassachusetts : _bEdward Elgar Pub., _cc2011. |
||
| 300 |
_a565 p. : _bill. ; _c24 cm. |
||
| 500 | _aIncludes bibliographical references and index. | ||
| 521 | _aBSBA | ||
| 650 | _aEntrepreneurship. | ||
| 942 |
_kFOR _cBK |
||
| 999 |
_c48247 _d48247 |
||